=LDR 00000nam 2200000 4500 =001 INLIS000000000003756 =005 20130612092046 =008 ***********************************Ind** =035 ##$$0010-061300000003756 =041 ##$$a Ind =082 ##$$a 621.313 2 =090 ##$$a 621.313 2, Sme p =100 ##$$a Smeaton, Robert =245 ##$$a Pedoman teknik motor induksi dynamo, Robert Smeaton; alih bahasa, Rm.D.Yury Dipl Eng =260 ##$$a 1992 $b Solo =300 ##$$a 66 hlm., ilus., 20 cm =650 ##$$a Dinamo =700 ##$$a Yury, Rm.D =850 ##$$a NBPNMAT